Proceedings (Record no. 41726)

MARC details
000 -LEADER
fixed length control field 00855nam a22002057a 4500
005 - DATE AND TIME OF LATEST TRANSACTION
control field 20100728153623.0
010 ## - LCCN (DPL NO)
LC control number ENG-100319
020 ## - INTERNATIONAL STANDARD BOOK NUMBER
International Standard Book Number 9788184244151
Terms of availability 350.00
035 ## - SYSTEM CONTROL NUMBER
System control number EN-83851
037 ## - SOURCE OF ACQUISITION
Source of stock number/acquisition DBAD/PUB
082 ## - DEWEY DECIMAL CLASSIFICATION NUMBER
Classification number 005
245 ## - TITLE STATEMENT
Title Proceedings
Statement of responsibility, etc Organised by Department of Computer Science and engineering Indian School of mines univtrsity, Jharkhand
260 ## - PUBLICATION, DISTRIBUTION, ETC. (IMPRINT)
Place of publication, distribution, etc Mumbai
Name of publisher, distributor, etc Allied Publishers
Date of publication, distribution, etc 2009
270 ## - ADDRESS
Address 15 J.N. Heredia Marg, Ballard Estate,
City Mumbai
Postal code 400001
300 ## - PHYSICAL DESCRIPTION
Extent xx, 568p.
Dimensions 29cm (Hb)
500 ## - GENERAL NOTE
General note Includes bibliographical references and index
710 ## - ADDED ENTRY--CORPORATE NAME
Corporate name or jurisdiction name as entry element Department of Computer Science and engineering Indian School of mines univtrsity, Jharkhand
9 (RLIN) 2211
942 ## - ADDED ENTRY ELEMENTS (KOHA)
Source of classification or shelving scheme Dewey Decimal Classification
Item type English Books
Classification part 005
Call number suffix NAT
Holdings
Withdrawn status Lost status Not for loan Collection code Home library Current library Date acquired Source of acquisition Cost, normal purchase price Full call number Barcode Copy number Cost, replacement price Koha item type
    Not For Loan Non-fiction D.B.Act.Division D.B.Act.Division 13/08/2010 DBAD/PUB 350.00 005 NAT EN-83851 1 350.00 English Books

© Delhi Public Library
Hit Counter
free hit counter